000 01018nam a2200313 4500
001 24323
003 BJBSDDR
005 20250422122906.0
007 ta
008 060907s2000 sp spa
020 _a8434416190
020 _a9788434416192
040 _bspa
_cBJBSDDR
041 0 _aspaeng
050 1 4 _aR KKT 470
_bA348i 2000
100 1 _aAlcaraz Varó, Enrique,
_d1940-2008
_939814
245 1 3 _aEl inglés jurídico :
_btextos y documentos /
_cEnrique Alcaraz Varó
250 _a4a. edición con las modificaciones procesales civiles inglesas de 1998
260 _aBarcelona :
_bEditorial Ariel,
_c2000
300 _axi, 291 páginas ;
_c22 cm.
490 1 _aAriel Derecho
546 _aTexto en español e inglés
650 4 _aDerecho
_xInglés técnico
_941665
_vLibros de texto
650 4 _aDerecho
_vTerminología
_99905
_zEspaña
650 4 _aInglés jurídico
_941666
650 4 _aInglés técnico
_94873
830 0 _aAriel (Derecho)
_931887
942 _2lcc
_cBK
999 _c98055
_d98055